| 000 | 00816nam a2200229 i 4500 | ||
|---|---|---|---|
| 001 | 181410 | ||
| 003 | ES-MaACL | ||
| 005 | 20250822063228.0 | ||
| 008 | 130114s2011 sp |||| |dspa d | ||
| 080 | _a94(460.27 M.)"1931/39"(093.3) | ||
| 100 | 1 |
_aPla, Josep, _d1897-1981 _9164614 |
|
| 245 | 1 | 0 |
_aMadrid, el advenimiento de la República / _cPla ; [traducción, Xavier Pericay]. |
| 260 |
_a[Madrid] : _bDiario Público, _c[2011] |
||
| 300 |
_a157 p. ; _c18 cm. |
||
| 490 | 1 | _aBiblioteca de la República | |
| 651 | 4 |
_aMadrid- _xHistoria- _y1931-1939- _vRelatos personales. _9164668 |
|
| 700 | 1 |
_aPericay, Xavier. _991254 |
|
| 830 | 0 |
_aBiblioteca de la República _9191447 |
|
| 852 |
_aES-MaACL _jA-12425 _9188310 _bR.147214 _cDEPO1 _dOlim: N-5430 |
||
| 942 |
_2udc _cMONOGRAFIA |
||
| 999 |
_c181410 _d181410 |
||